000 01079nam a22002057a 4500
005 20240814105747.0
010 _aHIN-128169
020 _a978819936229
_c70.00
035 _aHN-100515
037 _bDBAD
082 _a954.082
100 _aशंकर सिंह दयाल
_969994
245 _aभारत छोड़ो आंदोलन /
_cशंकर दयाल सिंह ; ऋतुश्री द्वारा सांपादित
250 _a5
260 _aनई दिल्ली
_b प्रकाशन विभाग सूचना एवं प्रसारण मंत्रालय भारत सरकार
_c2024
270 _aसूचना एवं प्रसारण मंत्रालय भारत सरकार,सूचना भवन, सी. जी. ओ. कॉम्प्लेक्स
_bनई दिल्ली
_e110003
300 _a68पृ.
_c22 सेमी( अजिल्द)
700 _aऋतुश्री
_969982
942 _2ddc
_cHN
_h954.082
_mशंकर
999 _c205020
_d205020